Господа Обносковы; Над обрывом; Вешние грозы: [Романы; Рассказ]

Bibliografiske detaljer
Hovedforfatter: Шеллер-Михайлов А. К. Александр Константинович
Andre forfattere: Соколова М. А. (составитель)
Sprog:russisk
Udgivet: Москва, Правда, 1987
Fag:
Format: MixedMaterials Bog
KOHA link:https://koha.lib.tpu.ru/cgi-bin/koha/opac-detail.pl?biblionumber=121566

MARC

LEADER 00000nam0a2200000 4500
001 121566
005 20231101215704.0
020 |a RU  |b 88-1813 
035 |a (RuTPU)RU\TPU\book\131653 
090 |a 121566 
100 |a 20070917d1987 m y0rusy5003 ca 
101 0 |a rus 
102 |a RU 
105 |a y z 000ay 
200 1 |a Господа Обносковы; Над обрывом; Вешние грозы  |e [Романы; Рассказ]  |f А. К. Шеллер-Михайлов  |g сост., предисл. и примеч. М. А. Соколова 
210 |a Москва  |c Правда  |d 1987 
215 |a 525,[2] с.  |d 21 см 
610 0 |a Россия 
610 0 |a 19 век 
610 0 |a русская литература 
610 0 |a романы 
675 |a Р1  |z rus 
700 1 |a Шеллер-Михайлов  |b А. К.  |c русский писатель  |f 1838-1900  |g Александр Константинович  |2 stltpush  |3 (RuTPU)RU\TPU\pers\14512  |9 4838 
702 1 |a Соколова  |b М. А.  |4 220 
801 0 |a RU  |b RuMRKP  |c 19950417  |g psbo 
801 1 |a RU  |b 63413507  |c 20070917  |g PSBO 
801 2 |a RU  |b 63413507  |c 20070917  |g PSBO 
942 |c BK